=LDR 00000nam 2200000 4500 =001 INLIS000000000038359 =005 20130612144029 =008 ***********************************Ind** =035 ##$$0010-061300000038359 =041 ##$$a Ind =082 ##$$a R.650.103 =090 ##$$a R.650.103, Col c =245 ##$$a Collins Dictionary of Business, Second Edition, Kamus lengkap bisnis, Edisi Kedua, Penerjemah Sumarso Santoso; Editor, Damos O.V.Y. Sihombing =260 ##$$a [sa] $b Jakarta =300 ##$$a 639 hlm, Ilus, 21 cm =650 ##$$a Bisnis - Kamus =700 ##$$a Santoso, Sumarso =850 ##$$a NBPNMAT